[Event "Paris-ch op-B 87th"]
[Site "Paris"]
[Date "2012.07.13"]
[Round "7"]
[White "Yacob, Francois"]
[Black "Kusluvan, Yekaterina"]
[Result "1-0"]
[WhiteElo "2145"]
[BlackElo "2036"]
[PlyCount "177"]
[EventDate "2012.07.07"]
[EventType "swiss"]
[EventRounds "9"]
[EventCountry "FRA"]
[SourceTitle "EXT 2013"]
[Source "ChessBase"]
[SourceDate "2012.11.22"]
[SourceVersion "1"]
[SourceVersionDate "2012.11.22"]
[SourceQuality "1"]

1. e4 e5 2. Nf3 Nc6 3. Bb5 a6 4. Ba4 Nf6 5. 0-0 Be7 6. Re1 b5 7. Bb3 d6 8. c3 0-0 9. h3 Re8 10. Ng5 Rf8 11. d4 Bb7 12. a4 h6 13. Nf3 Re8 14. Na3 Bf8 15. d5 Nb8 16. Nc2 Nbd7 17. Nb4 Nc5 18. Bc2 a5 19. Na2 bxa4 20. c4 Ba6 21. Nd2 Nfd7 22. Bxa4 Nxa4 23. Qxa4 Nb6 24. Qc2 c6 25. b4 cxd5 26. b5 Bb7 27. cxd5 f5 28. f3 Qh4 29. Ba3 Rec8 30. Qd3 f4 31. Rec1 Be7 32. Qe2 Qf6 33. Rxc8+ Bxc8 34. Nc4 Bd8 35. Nxd6 Bd7 36. Nb7 Be7 37. d6 Bf8 38. Rc1 Rc8 39. Rc7 Rb8 40. Nxa5 Ra8 41. Qd2 Be6 42. Bb4 Bf7 43. Rc6 Qd8 44. Nc1 Nc8 45. Nb7 Qd7 46. Nc5 Qa7 47. Ra6 Qb8 48. Rxa8 Qxa8 49. d7 Nd6 50. b6 Qb8 51. Ba5 Be7 52. Na6 Qa8 53. Nc7 Qc6 54. Nd5 Bd8 55. Qc3 Bxd5 56. exd5 Qxc3 57. Bxc3 Bxb6+ 58. Kf1 Nc4 59. Nd3 Ne3+ 60. Ke2 Nxd5 61. Bxe5 Kf7 62. Bxf4 Ke6 63. Be5 Nf6 64. Bxf6 gxf6 65. Nf4+ Kxd7 66. Kd3 Ke8 67. Ke4 Kf7 68. Kf5 Bd4 69. Nd3 Bc3 70. h4 Bd4 71. h5 Be3 72. Nf4 Bc5 73. Nd5 Bd4 74. Ke4 Bc5 75. Ne3 Kg7 76. Ng4 Bb4 77. Kf5 Bc3 78. Ke6 Bd4 79. Nh2 Be5 80. Nf1 Bf4 81. Ke7 Bc1 82. Ng3 Bb2 83. Nf5+ Kh7 84. Kf7 Be5 85. Ne7 Bc3 86. Nd5 Bb2 87. Nxf6+ Kh8 88. Kg6 Bc3 89. Ng4 1-0

[Event "Paris-ch op-B 87th"]
[Site "Paris"]
[Date "2012.07.12"]
[Round "6"]
[White "Herve, Pierre"]
[Black "Kusluvan, Yekaterina"]
[Result "1/2-1/2"]
[WhiteElo "2109"]
[BlackElo "2036"]
[PlyCount "89"]
[EventDate "2012.07.07"]
[EventType "swiss"]
[EventRounds "9"]
[EventCountry "FRA"]
[SourceTitle "EXT 2013"]
[Source "ChessBase"]
[SourceDate "2012.11.22"]
[SourceVersion "1"]
[SourceVersionDate "2012.11.22"]
[SourceQuality "1"]

1. e4 e5 2. Nf3 Nc6 3. Bb5 a6 4. Ba4 Nf6 5. 0-0 Be7 6. Re1 b5 7. Bb3 d6 8. c3 0-0 9. a4 Bg4 10. d3 Na5 11. Bc2 b4 12. d4 Nd7 13. h3 Bxf3 14. Qxf3 Bg5 15. Nd2 c5 16. Qg4 cxd4 17. cxd4 exd4 18. f4 Bf6 19. Nf3 Qc7 20. Bd3 Rfe8 21. Bd2 Nc5 22. Rac1 Nab3 23. Bxb4 Nxc1 24. Rxc1 Qb6 25. Bxc5 dxc5 26. e5 Be7 27. f5 Qh6 28. Re1 Bf8 29. Bc4 Ra7 30. Ng5 Bd6 31. e6 fxe6 32. Rxe6 Rxe6 33. Bxe6+ Kf8 34. h4 Re7 35. Qe4 Re8 36. Qd5 Rd8 37. Qb7 Be7 38. Bd5 Qxh4 39. Ne6+ Ke8 40. Nc7+ Kf8 41. Ne6+ Ke8 42. Qc6+ Rd7 43. Nxg7+ Kf8 44. Ne6+ Ke8 45. Ng7+ 1/2-1/2